IPL 2023 Captains - Statistics

General Stats
  • This quiz has been taken 107 times
  • The average score is 8 of 10
Answer Stats
Team Captain % Correct
Chennai Super Kings M.S. Dhoni
99%
Gujarat Titans Hardik Pandya
91%
Mumbai Indians Rohit Sharma
88%
Lucknow Super Giants KL Rahul
86%
Rajasthan Royals Sanju Samson
77%
Royal Challengers Bangalore Faf du Plessis
76%
Delhi Capitals David Warner
72%
Punjab Kings Shikhar Dhawan
65%
Sunrisers Hyderabad Aiden Markram
51%
Kolkata Knight Riders Nitish Rana
49%
No matching quizzes found
Score Distribution
Percent of People with Each Score
Percentile by Number Answered
Your Score History
You have not taken this quiz